ბათუმის შოთა რუსთაველის სახელმწიფო უნივერსიტეტის ბიბლიოთეკა

ყანებს ყაყაჩო შერეოდა (ბიბ.ჩანაწერი № 42357)

000 -LEADER
fixed length control field 00808nam a2200229Ia 4500
001 - CONTROL NUMBER
control field 9053
003 - CONTROL NUMBER IDENTIFIER
control field GE_BSU
008 - FIXED-LENGTH DATA ELEMENTS--GENERAL INFORMATION
fixed length control field 181216s||||||||xx |||||||||||||| ||und||
040 ## - CATALOGING SOURCE
Transcribing agency GE_BSU
080 ## - UNIVERSAL DECIMAL CLASSIFICATION NUMBER
Universal Decimal Classification number 82-93
100 ## - MAIN ENTRY--PERSONAL NAME
Personal name კობერიძე,კარლო
245 ## - TITLE STATEMENT
Title ყანებს ყაყაჩო შერეოდა
245 ## - TITLE STATEMENT
Remainder of title საბავშვო მოთხრობები
245 ## - TITLE STATEMENT
Statement of responsibility, etc. რედ:ლ.ქადაგიშვილი;მხატვ:ტ.შეყილაძე
260 ## - PUBLICATION, DISTRIBUTION, ETC.
Place of publication, distribution, etc. თბილისი.
260 ## - PUBLICATION, DISTRIBUTION, ETC.
Name of publisher, distributor, etc. ნაკადული.
260 ## - PUBLICATION, DISTRIBUTION, ETC.
Date of publication, distribution, etc. 1967
300 ## - PHYSICAL DESCRIPTION
Extent 190გვ;20სმ.
653 ## - INDEX TERM--UNCONTROLLED
Uncontrolled term საბავშვო მოთხრობები
653 ## - INDEX TERM--UNCONTROLLED
Uncontrolled term ყანებს ყაყაჩო შერეოდა
942 ## - ADDED ENTRY ELEMENTS (KOHA)
Koha item type წიგნი
ეგზემპლარები
Withdrawn status Lost status Damaged status Not for loan Date acquired Barcode Date last seen Price effective from Koha item type
        2018-12-17 31669 2018-12-17 2018-12-17 წიგნი